| 000 | 00824nam a22002537a 4500 | ||
|---|---|---|---|
| 001 | 96620 | ||
| 003 | UA-OsUOA | ||
| 005 | 20251230112127.0 | ||
| 007 | ta | ||
| 008 | 20130320b un ||||| |||| 00| 0 ukr d | ||
| 040 |
_aUA-OsUOA _bukr _cUA-OsUOA _dUA-OsUOA |
||
| 041 | _aukr | ||
| 080 | _a821.111 | ||
| 090 |
_a821.111 _bЛ76 |
||
| 100 |
_aЛондон Дж. _923017 |
||
| 245 |
_aТвори у дванадцяти томах _cДж. Лондон |
||
| 260 |
_aК. _bДніпро _c1970 |
||
| 300 | _a476 с. | ||
| 505 |
_tМартін Іден. Крадіжка. Статті _gТ. 6 |
||
| 650 | 7 |
_a821 Художня література окремими мовами і мовними сім'ями _2UDC _917 |
|
| 942 |
_cBK _2udc |
||
| 955 | _a3 | ||
| 999 |
_c382875 _d382875 |
||